Oceňovanie a inventarizácia
Oceňovanie krátkodobého finančného majetku. Cenné papiere a deriváty. Ocenenie úbytku. Zmena reálnej hodnoty. Trhová cena. Oceňovanie podľa IAS/IFRS. Invetarizácia finančného majetku. Inventarizácia cenných papierov.
Gespeichert in:
| 1. Verfasser: | |
|---|---|
| Format: | Buchkapitel |
| Sprache: | Slowakisch |
| Schlagworte: | |
| Tags: |
Keine Tags, Fügen Sie das erste Tag hinzu!
|
MARC
| LEADER | 00000naa$a2200000$$$4500 | ||
|---|---|---|---|
| 001 | 0051191 | ||
| 005 | 20240502071608.9 | ||
| 041 | 0 | |a slo | |
| 044 | |a SK | ||
| 245 | 1 | 0 | |a Oceňovanie a inventarizácia |c Jitka Meluchová |
| 520 | |a Oceňovanie krátkodobého finančného majetku. Cenné papiere a deriváty. Ocenenie úbytku. Zmena reálnej hodnoty. Trhová cena. Oceňovanie podľa IAS/IFRS. Invetarizácia finančného majetku. Inventarizácia cenných papierov. | ||
| 610 | 2 | 0 | |a jednotka účtovná |
| 610 | 2 | 0 | |a majetok finančný |
| 610 | 2 | 0 | |a oceňovanie |
| 610 | 2 | 0 | |a papiere cenné krátkodobé |
| 610 | 2 | 0 | |a deriváty |
| 610 | 2 | 0 | |a inventarizácia |
| 610 | 2 | 0 | |a ceny obstarávacie |
| 610 | 2 | 0 | |a postupy účtovné |
| 610 | 2 | 0 | |a štandardy účtovné medzinárodné |
| 100 | 1 | |a Meluchová, Jitka, 1965- | |